000 00354nam a22001577a 4500
999 _c3261
_d3260
005 20211203133723.0
008 160620b xxu||||| |||| 00| 0 eng d
020 _a0-19-567254-4
041 _aeng
082 _b8502
245 _aDictionary of Chemistry
260 _bOxford
_c2005
300 _a594
650 _adiploma in engg
_96960
942 _cBK